De la unificación a la diversidad en las ciencias sociales /

Se discute el problema de la unificación de las teorías en las ciencias sociales, en el sentido de que cada intento de integración de las mismas ha topado en ocasiones con una inconmensurabilidad de las mismas. Se plantea que el progreso de las ciencias sociales demuestra la necesidad de rectificar...

Disgrifiad llawn

Wedi'i Gadw mewn:
Manylion Llyfryddiaeth
Prif Awdur: Morey, Patricia
Fformat: Texto
Pynciau:
Tagiau: Ychwanegu Tag
Dim Tagiau, Byddwch y cyntaf i dagio'r cofnod hwn!

MARC

LEADER 00000 a a2200000 04500
001 41432
003
040
100 |a Morey, Patricia  
245 |a De la unificación a la diversidad en las ciencias sociales /  |c Patricia Morey  
500 |a pem@cordoba.net  
520 |a Se discute el problema de la unificación de las teorías en las ciencias sociales, en el sentido de que cada intento de integración de las mismas ha topado en ocasiones con una inconmensurabilidad de las mismas. Se plantea que el progreso de las ciencias sociales demuestra la necesidad de rectificar la idea que asocia la unificación con el progreso y la cientificidad, pues las mismas han logrado realizar aportes al conocimiento desde una posición de pluralidad teórica. En ese sentido, la idea de completitud persiste a pesar de la descripción de la diversidad.  
590 |a DISEMINAR082011/EFU/AGOSTO2011  
650 |a CIENCIAS SOCIALES  
650 |a EPISTEMOLOGIA  
650 |a TEORIA  
650 |a PROGRESO CIENTIFICO  
773 |g páginas 189-203  
999 |c 23252  |d 23252 
773 0 |0 6617  |9 856  |a Hidalgo, Cecilia   |d Argentina : CICCUS ; CLACSO ; Universidad de Buenos Aires,   |o 12377  |t Filosofía para la ciencia y la sociedad :  |w (cru CIDCACS/IIS)41430  |z 978-987-1599-29-5